Motivation
Gespeichert in:
| Format: | Buch |
|---|---|
| Sprache: | Englisch |
| Veröffentlicht: |
Boston
Harvard Business Review
1991
|
| Ausgabe: | 1. ed. |
| Schriftenreihe: | Harvard Business Review Paperback Books
|
| Schlagworte: | |
| Tags: |
Keine Tags, Fügen Sie das erste Tag hinzu!
|
MARC
| LEADER | 00000nam a2200000 4500 | ||
|---|---|---|---|
| 001 | c014343 | ||
| 005 | 20221206114813.6 | ||
| 020 | |a 0-87584-263-1 | ||
| 041 | 0 | |a eng | |
| 044 | |a US | ||
| 245 | 1 | 0 | |a Motivation |
| 250 | |a 1. ed. | ||
| 264 | 1 | |a Boston |b Harvard Business Review |c 1991 | |
| 300 | |a 123 s. | ||
| 490 | 1 | |a Harvard Business Review Paperback Books | |
| 830 | 0 | |a Harvard Business Review Paperback Books | |
| 610 | 2 | 0 | |a motivácia pracovná |
| 610 | 2 | 0 | |a práca |
| 610 | 2 | 0 | |a práca ľudská |
| 610 | 2 | 0 | |a práca produktívna |